000 00697nam a2200289Ia 4500
005 20260324153337.0
008 008 260324s9999 xx 000 0 eng d
020 _a9780128181249
037 _aEBOOK
040 _aCRL
040 _beng
040 _cCRL
041 _2eng
041 _aeng
084 _qCRL
100 _aJohn Honour
_91231174
245 0 _aSteroids in the Laboratory and Clinical Practice
260 _bElsevier
260 _c2023
650 _aBiochemistry
650 _aGenetics
650 _aMolecular Biology
856 _uhttps://www.sciencedirect.com/science/book/9780128181249
942 _cEBOOK
999 _c1842556
_d1842556